000 00599nam a22001937a 4500
005 20251108173044.0
008 250721s2004 xx 000 0 ara d
082 1 4 _aط/214.6/ طاه
100 1 _aالطاهر، حامد أحمد
245 1 0 _aفقه السنة للأطفال /
264 1 _aالقاهرة :
_bدار الفجر للتراث،
_c2004.
300 _a219 ص.
650 1 7 _aأركان الإسلام
650 1 7 _aأركان الإيمان
650 1 7 _aالعقيدة الدينية
653 _aناشئون صغار (10-14) سنة
942 _2ddc
_cBK
999 _c95040
_d95040